Logistické centrum Pošty, SPS hala - Administratívno - distribučný objekt, Ivánka pri Dunaji

Saved in:
Bibliographic Details
Main Author: Hudáková, Sofia, 1983- (Author)
Other Authors: Gron, Alexander, 1945- (Thesis advisor)
Format: Manuscript Book
Language:Slovak
Published: Bratislava : STU v Bratislave SvF, 2010
Subjects:
Online Access:VAIS
Tags: Add Tag
No Tags, Be the first to tag this record!

MARC

LEADER 00000ntm a22000003a 4500
001 stu216724
005 20160721135451.5
008 101116s2010----xo------------------slo-d
040 |a STU  |b slo 
041 0 |a slo 
044 |a xo 
100 1 |a Hudáková, Sofia,  |d 1983-  |4 aut  |X 20742  |7 A000020742 
245 1 |a Logistické centrum Pošty, SPS hala - Administratívno - distribučný objekt, Ivánka pri Dunaji 
260 |a Bratislava :  |b STU v Bratislave SvF,  |c 2010 
650 7 |a technológia stavieb  |2 stusub 
650 7 |a Building Technology  |2 estusub 
700 1 |a Gron, Alexander,  |d 1945-  |4 ths  |u V270  |U SvF Stavebná fakulta  |T SvF Katedra technológie stavieb  |X 946  |U V270  |Y 28  |7 A000000946 
856 4 |a info a plný text  |u http://is.stuba.sk/zp/portal_zp.pl?podrobnosti=76494  |3 VAIS